Prehliadka mladých filmárov

Bibliographic Details
Format: Article
Language:Slovak
PhysicalDescription:Fotogr.
Subjects:

MARC

LEADER 00000nab a2200000 a 4500
001 vtls009329366
003 SK-MaSNL
005 20260304102813.0
008 080903 2008 xo w n 000 0 slo
038 |a SLLK 
040 |a SLLK  |b slo  |c sllk  |e AACR2 
041 0 |a slo 
044 |a xo  |c SK 
080 |a 06.063  |2 1997 
080 |a 77.03/.08  |2 1997 
080 |a 791.43  |2 1997 
245 0 0 |a Prehliadka mladých filmárov  |c Text (ag) ; foto (dj) 
300 |b Fotogr. 
611 2 7 |a Neprofesionálna audiovizuálna tvorba  |d (2008 :  |c Stará Ľubovňa, Slovensko)  |2 SNKKA  |9 1400211 
648 7 |a 2008  |2 SNK  |9 317238 
650 0 7 |a audiovizuálna tvorba  |2 SNKPH  |9 71449 
650 0 7 |a súťažné prehliadky  |2 SNKPH  |9 375497 
651 7 |a Stará Ľubovňa (Slovensko)  |2 SNKPHgeo  |9 19193 
773 0 |t Ľubovnianske noviny  |g Roč. XXXIV, č. 19 (2008), s. 2 
852 |a SLLK  |b KIS3GCP 
999 |c 2846713  |d 2848643